| 000 | 00401nam a2200157Ia 4500 | ||
|---|---|---|---|
| 008 | 240729s9999 xx 000 0 und d | ||
| 022 | _a2300-5076 | ||
| 245 | 0 | _aPhysical Activity Review | |
| 260 | _aPoland | ||
| 260 | _bPPHU Projack | ||
| 650 | _a Medicine (General) | ||
| 650 | _aMedicine | ||
| 856 | _uhttps://doaj.org/toc/adaf3f9797804b43a3a979142840bb5e | ||
| 942 | _2ddc | ||
| 942 | _cDOAJEJ | ||
| 999 |
_c70477 _d70477 |
||
| 945 |
_a1 _bMadushi Gamage _c1 _dMadushi Gamage |
||